FIFA 23 Highest Rated Players From Top 5 From Select Nations - Statistics

General Stats
  • This quiz has been taken 54 times
  • The average score is 35 of 60
Answer Stats
Nation League Rating Position Player % Correct
Argentina Ligue 1 91 RW Lionel Messi
98%
Argentina Premier League 84 GK Emiliano Martinez
94%
Argentina Serie A 86 ST Lautaro Martinez
94%
Croatia LaLiga 88 CM Luka Modric
92%
England LaLiga N/A N/A N/A
92%
France Ligue 1 91 ST Kylian Mbappe
90%
Belgium Premier League 91 CM Kevin De Bruyne
88%
Portugal Premier League 90 ST Cristiano Ronaldo
86%
England Premier League 89 ST Harry Kane
84%
Belgium LaLiga 90 GK Thibaut Courtois
84%
Netherlands Premier League 90 CB Virgil van Dijk
84%
France LaLiga 91 CF Karim Benzema
82%
Brazil Ligue 1 89 LW Neymar Jr.
82%
Morocco Ligue 1 84 RB Achraf Hakimi
78%
Brazil Premier League 89 CDM Casemiro
78%
England Bundesliga 84 CM Jude Bellingham
78%
Belgium Serie A 86 ST Romelu Lukaku
78%
France Premier League 89 CDM Ngolo Kante
76%
Netherlands LaLiga 87 CM Frenkie de Jong
76%
Brazil LaLiga 86 LW Vinicius Junior
76%
Italy Ligue 1 88 GK Gianluigi Donnarumma
75%
Italy Premier League 85 CM Jorginho
75%
Netherlands Bundesliga 85 CB Matthijs de Ligt
75%
Spain Premier League 87 CDM Rodri
73%
Croatia Premier League 84 LM Ivan Perisic
71%
France Serie A 87 GK Mike Maignan
71%
England Serie A 84 CB Fikayo Tomori
69%
Morocco Premier League 83 RW Hakim Ziyech
69%
Portugal Serie A 84 LW Rafael Leao
69%
Italy Serie A 86 CM Nicolo Barella
67%
Switzerland Bundesliga 85 GK Yann Sommer
67%
Croatia Serie A 86 CDM Marcelo Brozovic
65%
Portugal LaLiga 84 CF Joao Felix
63%
France Bundesliga 86 CF Christopher Nkunku
61%
Netherlands Serie A 84 CB Stefan de Vrij
61%
Portugal Bundesliga 88 LB Joao Cancelo
59%
Spain Ligue 1 84 CB Sergio Ramos
59%
Morocco LaLiga 84 GK Yassine Bounou
55%
Argentina LaLiga 85 LB Marcos Acuna
53%
Brazil Serie A 83 CB Bremer
51%
Belgium Bundesliga 84 GK Koen Casteels
51%
Morocco Bundesliga 82 RB Noussair Mazraoui
51%
Croatia Bundesliga 82 CF Andrej Kramaric
49%
Portugal Ligue 1 82 GK Anthony Lopes
43%
Spain LaLiga 86 CM Parejo
39%
Spain Bundesliga 83 LWB Angelino
37%
Morocco Serie A 76 CDM Sofyan Amrabat
37%
Switzerland Premier League 81 CDM Denis Zakaria
33%
Italy Bundesliga 81 LM Vicenzo Grifo
33%
Argentina Bundesliga 78 CDM Exequiel Palacios
31%
Croatia Ligue 1 80 CM Lovro Majer
22%
Spain Serie A 83 CM Luis Alberto
22%
Switzerland LaLiga 76 ST Haris Seferovic
18%
Belgium Ligue 1 79 GK Matz Sels
14%
England Ligue 1 77 LM Stephy Mavididi
10%
Brazil Bundesliga 77 LWB Iago
8%
Italy LaLiga 79 CB Luiz Felipe
8%
Switzerland Ligue 1 79 GK Jonas Omlin
2%
Switzerland Serie A 75 CM Michel Aebischer
2%
Netherlands Ligue 1 78 CDM Pablo Rosorio
2%
No matching quizzes found
Score Distribution
Percent of People with Each Score
Percentile by Number Answered
Your Score History
You have not taken this quiz